Every NBA All-Star from the 1990's - Statistics

General Stats
  • This quiz has been taken 64 times
  • The average score is 54 of 83
Answer Stats
Hint Answer % Correct
Utah Jazz John Stockton
98%
Utah Jazz Karl Malone
98%
Portland Trail Blazers Clyde Drexler
96%
Houston Rockets Hakeem Olajuwon
96%
Chicago Bulls Michael Jordan
96%
New York Knicks Patrick Ewing
96%
Chicago Bulls Scottie Pippen
96%
Orlando Magic Shaquille O'Neal
96%
Phoenix Suns Charles Barkley
93%
San Antonio Spurs David Robinson
93%
Portland Trail Blazers Clifford Robinson
91%
Seattle SuperSonics Gary Payton
91%
Detroit Pistons Isiah Thomas
91%
Boston Celtics Larry Bird
91%
Los Angeles Lakers Magic Johnson
91%
Indiana Pacers Reggie Miller
91%
Atlanta Hawks Dominique Wilkins
89%
Orlando Magic Anfernee Hardaway
88%
Phoenix Suns Kevin Johnson
88%
Charlotte Hornets Larry Johnson
88%
Golden State Warriors Tim Hardaway
88%
Denver Nuggets Dikembe Mutombo
86%
Seattle SuperSonics Shawn Kemp
86%
Detroit Pistons Joe Dumars
84%
Charlotte Hornets / Miami Heat Alonzo Mourning
82%
Dallas Mavericks / Phoenix Suns Jason Kidd
82%
Los Angeles Lakers Kobe Bryant
80%
San Antonio Spurs Tim Duncan
80%
Detroit Pistons Dennis Rodman
79%
Los Angeles Lakers James Worthy
79%
Minnesota Timberwolves Kevin Garnett
79%
Golden State Warriors Chris Mullin
77%
Boston Celtics Kevin McHale
77%
Washington Bullets Chris Webber
75%
Boston Celtics Robert Parish
75%
Detroit Pistons Grant Hill
73%
Cleveland Cavaliers Mark Price
73%
Sacramento Kings Mitch Richmond
73%
Cleveland Cavaliers Tyrone Hill
73%
New York Knicks John Starks
66%
Golden State Warriors Latrell Sprewell
66%
Cleveland Cavaliers Brad Daugherty
64%
Atlanta Hawks Steve Smith
64%
Charlotte Hornets Glen Rice
63%
Seattle SuperSonics Detlef Schrempf
61%
Los Angeles Lakers Eddie Jones
59%
Chicago Bulls Horace Grant
59%
New York Knicks Charles Oakley
57%
Indiana Pacers Rik Smits
57%
Portland Trail Blazers Terry Porter
57%
New Jersey Nets Derrick Coleman
55%
Los Angeles Lakers Nick Van Exel
52%
Phoenix Suns Tom Chambers
52%
Boston Celtics Antoine Walker
50%
Chicago Bulls B.J. Armstrong
50%
Los Angeles Lakers Cedric Ceballos
50%
Phoenix Suns Dan Majerle
50%
San Antonio Spurs Sean Elliott
50%
Los Angeles Clippers Danny Manning
48%
Minnesota Timberwolves Tom Gugliotta
46%
Los Angeles Lakers A.C. Green
45%
New Jersey Nets Jayson Williams
45%
Boston Celtics Reggie Lewis
45%
Milwaukee Bucks Vin Baker
45%
Milwaukee Bucks Ricky Pierce
43%
Dallas Mavericks Rolando Blackman
43%
Cleveland Cavaliers Larry Nance
41%
Atlanta Hawks Christian Laettner
39%
New Jersey Nets Kenny Anderson
39%
Houston Rockets Otis Thorpe
39%
Cleveland Cavaliers Terrell Brandon
39%
Washington Bullets Juwan Howard
38%
Portland Trail Blazers Kevin Duckworth
38%
Atlanta Hawks Mookie Blaylock
38%
Philadelphia 76ers Hersey Hawkins
36%
Milwaukee Bucks Alvin Robertson
34%
Denver Nuggets Fat Lever
34%
Atlanta Hawks Kevin Willis
32%
Washington Bullets Bernard King
30%
Philadelphia 76ers Dana Barros
29%
Phoenix Suns Jeff Hornacek
29%
Washington Bullets Michael Adams
27%
Dallas Mavericks Chris Gatling
18%
No matching quizzes found
Score Distribution
Percent of People with Each Score
Percentile by Number Answered
Your Score History
You have not taken this quiz